Investments (Record no. 1582)

MARC details
000 -LEADER
fixed length control field 00402nam a22001697a 4500
005 - DATE AND TIME OF LATEST TRANSACTION
control field 20180313114121.0
008 - FIXED-LENGTH DATA ELEMENTS--GENERAL INFORMATION
fixed length control field 160524b xxu||||| |||| 00| 0 eng d
020 ## - INTERNATIONAL STANDARD BOOK NUMBER
ISBN 978-0-07-015157-4
041 ## - LANGUAGE CODE
Language code of text/sound track or separate title eng
082 ## - DEWEY DECIMAL CLASSIFICATION NUMBER
Item number 4683
Classification number 332.6
100 ## - MAIN ENTRY--AUTHOR NAME
Personal name Bodie, Lviand
245 ## - TITLE STATEMENT
Title Investments
260 ## - PUBLICATION, DISTRIBUTION, ETC. (IMPRINT)
Place of publication New Delhi
Name of publisher Academic Faundation
300 ## - PHYSICAL DESCRIPTION
Number of Pages 1034
650 ## - SUBJECT ADDED ENTRY--TOPICAL TERM
Topical Term Management
942 ## - ADDED ENTRY ELEMENTS (KOHA)
Koha item type Books
Holdings
Lost status Damaged status Collection code Home library Current library Shelving location Date acquired Full call number Accession Number Koha item type
    MANAGEMENT JRU Library JRU Library SHELF-59-C 24/05/2016 332.6 4683 Books
    MANAGEMENT JRU Library JRU Library SHELF-59-C 24/05/2016 332.6 4684 Books
    MANAGEMENT JRU Library JRU Library SHELF-59-C 24/05/2016 332.6 4685 Books
    Reference JRU Library   SHELF-28-D 24/05/2016 332.6 4686 Books
    MANAGEMENT JRU Library JRU Library SHELF-59-C 24/05/2016 332.6 4687 Books
    MANAGEMENT JRU Library JRU Library SHELF-59-C 24/05/2016 332.6 4688 Books
    MANAGEMENT JRU Library JRU Library SHELF-59-C 24/05/2016 332.6 4689 Books